| 000 | 005560000a22001810004500 | ||
|---|---|---|---|
| 041 | 0 | _aENG | |
| 082 | 0 | 4 | _aG 194.44 D445d |
| 100 | 1 | _aDescartes, René (1596–1650) | |
| 245 | 1 | 0 | _aDiscourse on method and meditations / René Descartes ; Laurence Lafleur, Traducción e introducción |
| 260 | _aIndianapolis, N.Y., USA : Bobbs-Merrill | ||
| 300 | _aXXIV, 143 Pag. | ||
| 650 | 1 | 4 | _aMETODOLOGIA CIENTIFICA |
| 001 | 1412 | ||
| 942 | _cBK | ||
| 999 |
_c32735 _d32735 |
||
| 336 |
_atexto _btxt _2rdacontent |
||
| 337 |
_2rdamedia _asin mediación _bn |
||
| 338 |
_2rdacarrier _avolumen _bnc |
||